| 000 | 03398nam a2200361 a 4500 | ||
|---|---|---|---|
| 003 | OSt | ||
| 005 | 20250812105513.0 | ||
| 007 | cr ||||||a|a|a | ||
| 008 | 250627s2025 mx a|||fom||| 001 0 spa d | ||
| 040 | _erda | ||
| 100 | 1 |
_aGonzález García, Lizette Sinaí _9190542 |
|
| 245 | 1 | 0 |
_aCrecimiento compensansatorio de corderos en finalización: Pastoreo VS estabulado/ _cpor Lizette Sinaí Gonzalez García y Aldair Quiroz Herrera; director de tesis Pablo Arenas Baéz; secretario Lorenzo Danilo Granados Rivera; vocal Jorge Alonso Maldonado Jáquez; suplente Sandra Patricia Maciel Torres; suplente Alejandra Cabrera Rodriguez. |
| 264 | 1 |
_aChapingo, México : _bEl autor, _c2024. |
|
| 300 |
_a1 recurso en línea (33 páginas): _bcuadros, figuras. |
||
| 336 |
_2rdacontent _atexto _btxt |
||
| 337 |
_2rdamedia _acomputadora _bc |
||
| 338 |
_2rdacarrier _arecurso en línea _bcr |
||
| 502 |
_bISP _cURUZA _d2024. _gLIC |
||
| 504 | _aIncluye referencias bibliográficas: páginas26-27. | ||
| 520 | _aLa presente tesis se realizó en la granja experimental de la Unidad Regional Universitaria de Zonas Áridas de la Universidad Autónoma Chapingo con el objetivo de evaluar y comparar el crecimiento compensatorio en ovinos raza dorper; 5 corderos destetados provenientes de unos sistemas de pastoreo y 5 corderos destetados de la posta zootécnica de la Unidad Regional Universitaria de Zonas Áridas. Los 10 corderos fueron clasificados de acuerdo con su sistema de procedencia (pastoreo o estabulación) y fueron separados en jaulas individuales donde eran alimentados por el 3% de su peso vivo por un periodo de 4 meses. Las variables que se evaluaron fueron: consumo de agua, consumo de alimento, peso vivo, ganancia diaria de peso, conversión y eficiencia alimenticia. Existió una interacción tratamiento por tiempo en las variables peso vivo (PV) y ganancia diaria de peso (GDP). En el caso del PV a partir de la semana cuatro y hasta la semana diez, los corderos provenientes del sistema extensivo tuvieron un mayor crecimiento en comparación con los corderos del sistema estabulado. En el caso de la interacción tratamiento por tiempo en la variable GDP mostro un incremento en las primeras cuatro semanas de los corderos del sistema extensivo. Bajo las condiciones experimentales del estudio se concluye que corderos que provienen de un sistema extensivo al ingresar a un proceso de engorda intensiva con alimentación a través de una dieta integral experimentan un crecimiento compensatorio. Dicho crecimiento compensatorio ocasiona que al final del proceso de engorda obtengan similar peso vivo que corderos provenientes de sistemas estabulados. | ||
| 650 | 4 |
_aGanado lanar _xAlimentación _945153 |
|
| 650 | 4 |
_aGanado lanar _xPeso _945211 |
|
| 650 | 4 |
_aGanado lanar _xCrecimiento _945166 |
|
| 650 | 4 |
_aGanado lanar _xPastoreo _945209 |
|
| 700 | 1 |
_aQuiroz Herrera, Aldair _9190543 |
|
| 700 | 1 |
_aArenas Baéz, Pablo _96948 |
|
| 700 | 1 |
_aGranados Rivera, Lorenzo Danilo _950354 _esecretario. |
|
| 700 | 1 |
_aMaldonado Jaquez, Jorge Alonso _970104 _evocal. |
|
| 700 | 1 |
_aMaciel Torres, Sandra Patricia _9133670 _esuplente. |
|
| 700 | 1 |
_aCabrera Rodríguez, Alejandra _esuplente. _9186043 |
|
| 856 |
_uhttp://10.13.5.2/tesis/tl/1910895-7_Y_1712120-7_GONZALEZ_GARCIALIZETTE_SINAI_Y_QUIROZ_HERRERA_ALDAIR.pdf _zDESCARGAR PDF |
||
| 942 |
_2Clasificación Universidad Autónoma Chapingo _cTD |
||
| 999 |
_c220706 _d220706 |
||